Culture Générale - Série 785 - Statistiques

Statistiques générales
  • Ce quiz a été pris 92 fois
  • Le résultat moyen est 7 sur 10
Statistiques - réponses
Question Réponse % Correct
Quel volatile de bassecour peut être "d'eau", "au pot", "de luxe", ou "mouillée" quand il s'agit d'un froussard ? poule
95%
Dans quel animal de bois les guerriers grecs se dissimulèrent-ils pour s'emparer de la ville de Troie ? cheval
94%
Le personnage imaginaire et effrayant dont on menace les enfants est le croque-... mitaine
89%
De quelle série culte Rachel, Joey , Monica, Chandler, Phoebe et Ross sont-ils les héros ? Friends
84%
Dans quelle ville sainte se trouve la Kaaba ? La Mecque
79%
Dans la mythologie grecque, quelle est la fille d'Oedipe, qui fit l'objet d'une pièce de théâtre de Jean Anouilh ? Antigone
54%
Quel actrice incarne Coco Chanel dans le film "Coco avant Chanel" ? Audrey Tautou
49%
En 1987, quel artiste faisait dans l'une de ses chansons le voeu d'un “Duel au soleil” ? Étienne Daho
49%
Quelle région est située à l'extrême sud du Portugal ? Algarve
38%
Comment appelle-t-on le javelot lourd utilisé par les légions romaines ? pilum
22%
Aucun quiz correspondant
Distribution des résultats
% des personnes avec chaque résultat
Percentile par nombre de réponses
Votre historique - résultats
Vous n’avez pas pris ce quiz